000
00319nam a22001457a 4500
008
210511b ||||| |||| 00| 0 eng d
020
_a
9790442019401
041
_a
eng
080
_a
721
082
_a
721
100
_a
41
101
_a
NDE
245
_a
Construction Safety Planning
_c
Collum,D.V
942
_2
udc
_c
BK
999
_c
57142
_d
57142